Návrh linky na výrobu polypropylénu v reaktore s fluidným lôžkom

Guardado en:
Detalles Bibliográficos
Autor principal: Valiyeva, Kamila (Autor)
Otros Autores: Stopka, Ján (Orientador)
Formato: Manuscrito Libro
Lenguaje:eslovaco
Publicado: 2024
Materias:
Acceso en línea:http://is.stuba.sk/zp/portal_zp.pl?podrobnosti=168782
Etiquetas: Agregar Etiqueta
Sin Etiquetas, Sea el primero en etiquetar este registro!

MARC

LEADER 00000ntm a22000003a 4500
001 stuzp99465
003 SK-STU
005 20240622211008.0
007 ta
008 150427s2015----xo-----f-mn---000-0-slo-d
040 |a STU  |b slo 
041 0 |a slo 
100 1 |a Valiyeva, Kamila  |u 046230  |4 aut  |U FCHPT Ústav chemického a environmentálneho inžinierstva  |T FCHPT Oddelenie chemického a biochemického inžinierstva  |X 116042  |U C6230  |Y 119  |7 116042 
242 0 1 |a Design of a polypropylene production line in a fluidized bed reactor  |y eng 
245 1 0 |a Návrh linky na výrobu polypropylénu v reaktore s fluidným lôžkom 
260 |c 2024 
650 4 |a fluidizácia  |2 slo 
650 4 |a polymér  |2 slo 
650 4 |a polypropylén  |2 slo 
650 4 |a polymer  |2 eng 
650 4 |a fluidization  |2 eng 
650 4 |a polypropylene  |2 eng 
700 1 |a Stopka, Ján  |u 046230  |k Z1  |4 ths  |U FCHPT Ústav chemického a environmentálneho inžinierstva  |T FCHPT Oddelenie chemického a biochemického inžinierstva  |X 3326  |U C6230  |Y 119  |7 A000003326 
856 4 |u http://is.stuba.sk/zp/portal_zp.pl?podrobnosti=168782